=LDR 00000nam 2200000 4500 =001 001022 =005 20250712030618 =035 ##$$a 0010-0725000901 =007 ta =008 250712###########################0###### =020 ##$$a 978-623-307-702-6 =082 ##$$a 398.209 598 =084 ##$$a 398.209 598 HER s =245 1#$$a Sang wasit: zaya chakma /$c Herstory foundation =250 ##$$a Cetakan pertama =260 ##$$a Rawamangun :$b Badan pengembangan dan pembinaan bahasa,$c 2022 =300 ##$$a 8 hlm. : $b Ilus. ; $c 22 cm. =650 #4$$a Cerita anak indonesia-terjemahan =650 #4$$a Literasi-bahan bacaan =110 ##$$a Herstory foundation